Champions League Topscorer 2020/21 - Statistiken

Allgemein
  • Dieses Quiz wurde 93 mal gespielt
  • Das Durchschnittsergebnis liegt bei 11 aus 14
Antwortstatistiken
Rang Nation Verein Tore Antwort % Korrekt
1 Norwegen BVB 10 Erling Haaland
100%
2 Frankreich Paris Saint-Germain 8 Kylian Mbappe
100%
3 Frankreich Real Madrid 6 Karim Benzema
98%
3 Ägypten Liverpool 6 Mohamed Salah
98%
10 Polen Bayern München 5 Robert Lewandowski
98%
10 Argentinien Barcelona 5 Lionel Messi
94%
3 Brasilien Paris Saint-Germain 6 Neymar
92%
3 Spanien Juventus 6 Alvaro Morata
90%
3 England Manchester United 6 Marcus Rashford
89%
10 Italien Lazio 5 Ciro Immobile
84%
10 Frankreich Bor. Mönchengladbach 5 Alassane Plea
75%
3 Frankreich Chelsea 6 Olivier Giroud
55%
3 Marokko Sevilla 6 Youssef En-Nesyri
40%
10 Portugal Porto 5 Sergio Oliveira
3%
Keine übereinstimmenden Quizze gefunden
Verteilung der Resultate
Anzahl Personen mit jedem Resultat
Perzentil nach korrekt beantworteten Fragen
Ihre Resultats-Entwicklung
Sie haben dieses Quiz noch nicht gespielt